000 00332nam a22001337a 4500
020 _a978-81-7671-061-9
041 _aENG
245 _aMLA Handbook for Writers of Research Papers
250 _aSeventh Edition
260 _aNew Delhi
_bAffiliated East-West Press
_c2009
300 _a292
650 _aM.Tech
856 _uM.Tech ( 7 )
999 _c1027
_d1027